[Event "Pere Noel"]
[Site "Montreal CAN"]
[Date "2010.12.29"]
[Round "4"]
[White "Vassileva, Svetla"]
[Black "Yun, Chang"]
[Result "1-0"]
[WhiteElo "1732"]
[BlackElo "1776"]
[PlyCount "101"]
[EventDate "2010.12.26"]
[EventType "swiss"]
[EventRounds "5"]
[EventCountry "CAN"]

1. e4 c5 2. d4 cxd4 3. c3 d3 4. Nf3 d6 5. Bxd3 Nf6 6. O-O g6 7. Bg5 Bg7 8. Nbd2
O-O 9. Qe2 Nc6 10. Rad1 h6 11. Bxf6 Bxf6 12. Bc4 Qc7 13. Qe3 Bg7 14. Nh4 Ne5
15. Bb3 b5 16. h3 Nc4 17. Nxc4 bxc4 18. Bc2 Rb8 19. Rb1 Bd7 20. Qg3 Rb6 21. b3
cxb3 22. Bxb3 Qxc3 23. Qxc3 Bxc3 24. Nxg6 Bf6 25. Nxf8 Kxf8 26. Rfc1 Rc6 27.
Rxc6 Bxc6 28. Bd5 Bxd5 29. exd5 Bd4 30. Rb8+ Kg7 31. Rb7 Kf6 32. Kf1 e6 33.
dxe6 fxe6 34. Rh7 Kg6 35. Rd7 Bc5 36. Ke2 h5 37. f4 e5 38. fxe5 dxe5 39. Kf3
Bd4 40. a4 h4 41. g3 hxg3 42. Kxg3 Kh5 43. Kf3 Kg5 44. Ke4 Kh4 45. Rxd4 exd4
46. Kxd4 Kxh3 47. Kc5 Kg4 48. Kb5 Kf5 49. Ka6 Ke6 50. Kxa7 Kd6 51. Kb7 1-0

[Event "Pere Noel"]
[Site "Montreal CAN"]
[Date "2010.12.29"]
[Round "4"]
[White "Wu, Qiyou"]
[Black "Luo, Zhao Yang"]
[Result "0-1"]
[WhiteElo "1825"]
[BlackElo "1924"]
[PlyCount "96"]
[EventDate "2010.12.26"]
[EventType "swiss"]
[EventRounds "5"]
[EventCountry "CAN"]

1. e4 c6 2. d4 d5 3. exd5 cxd5 4. c4 Nf6 5. Nc3 Nc6 6. Bg5 e6 7. Nf3 Be7 8. c5
O-O 9. Bb5 Bd7 10. Bxc6 Bxc6 11. O-O a5 12. Ne5 Nd7 13. Bxe7 Qxe7 14. f4 Nxe5
15. fxe5 b6 16. cxb6 Rfb8 17. Rf2 Rxb6 18. Rc1 Rab8 19. b3 h6 20. Rfc2 Qd7 21.
Qd3 Rb4 22. h3 Kh8 23. Rd2 Rc8 24. Rdc2 Rcb8 25. Rf2 Qa7 26. Rd2 Kg8 27. Qe3 a4
28. bxa4 Bxa4 29. Kh2 Rc4 30. Rd3 Rb2 31. Nxa4 Rxa4 32. a3 Ra2 33. Rcc3 Rc4 34.
Qc1 Qa8 35. Rf3 Qc6 36. Rg3 Kh8 37. Qe1 Qa4 38. Rb3 Rc8 39. Qb1 Rac2 40. Rb8
Qxd4 41. Qb7 Rxb8 42. Qxb8+ Kh7 43. a4 Rc1 44. Rf3 Qg1+ 45. Kg3 Qe1+ 46. Kh2
Qg1+ 47. Kg3 Rc2 48. Kf4 g5+ 0-1

[Event "Pere Noel"]
[Site "Montreal CAN"]
[Date "2010.12.29"]
[Round "4"]
[White "Xu, Tian Run"]
[Black "Pretell Diaz, Carol"]
[Result "1-0"]
[WhiteElo "1635"]
[BlackElo "1808"]
[PlyCount "57"]
[EventDate "2010.12.26"]
[EventType "swiss"]
[EventRounds "5"]
[EventCountry "CAN"]

1. e4 g6 2. d4 d6 3. Nf3 Bg7 4. c4 Bg4 5. Be2 Bxf3 6. Bxf3 e5 7. d5 Nd7 8. Be3
Ngf6 9. Nc3 b6 10. O-O O-O 11. b4 Ne8 12. Be2 f5 13. f3 Nef6 14. Rc1 Nh5 15.
Qd2 f4 16. Bf2 Bf6 17. Qe1 a5 18. a3 axb4 19. axb4 Ra3 20. Nb5 Ra2 21. c5 bxc5
22. bxc5 Nxc5 23. Bxc5 dxc5 24. d6 cxd6 25. Bc4+ Kg7 26. Bxa2 Bh4 27. Qd2 Ng3
28. Rfd1 Qg5 29. Nc3 1-0

[Event "Pere Noel"]
[Site "Montreal CAN"]
[Date "2010.12.29"]
[Round "4"]
[White "Zhang, Zhiyuan"]
[Black "Rousseau, Daniel"]
[Result "1-0"]
[WhiteElo "1951"]
[BlackElo "2163"]
[PlyCount "71"]
[EventDate "2010.12.26"]
[EventType "swiss"]
[EventRounds "5"]
[EventCountry "CAN"]

1. e4 e5 2. Nf3 Nc6 3. Bb5 a6 4. Ba4 Nf6 5. O-O Be7 6. Re1 b5 7. Bb3 d6 8. c3
O-O 9. h3 Bb7 10. d4 Re8 11. Nbd2 Bf8 12. a4 h6 13. Qe2 exd4 14. Nxd4 Nxd4 15.
cxd4 Nxe4 16. Nxe4 Rxe4 17. Bxf7+ Kh8 18. Be3 Qf6 19. Bb3 bxa4 20. Bxa4 c5 21.
dxc5 dxc5 22. Bc2 Rb4 23. Bd2 Rxb2 24. Qd3 Rxc2 25. Qxc2 Qc6 26. f3 Bd6 27. Bc3
Rf8 28. Be5 Bxe5 29. Rxe5 c4 30. Rae1 a5 31. Kh1 Kg8 32. Qc3 a4 33. Re7 Rf7 34.
Re8+ Kh7 35. Qc2+ Qg6 36. Rh8+ 1-0

[Event "Pere Noel"]
[Site "Montreal CAN"]
[Date "2010.12.29"]
[Round "4"]
[White "Zhu, Hong Rui"]
[Black "Robichaud, Louis"]
[Result "1/2-1/2"]
[WhiteElo "1924"]
[BlackElo "2082"]
[PlyCount "87"]
[EventDate "2010.12.26"]
[EventType "swiss"]
[EventRounds "5"]
[EventCountry "CAN"]

1. e4 e5 2. Nf3 Nc6 3. Bb5 a6 4. Ba4 Nf6 5. O-O Nxe4 6. d4 b5 7. Bb3 d5 8. dxe5
Be6 9. c3 Nc5 10. Bc2 Bg4 11. Re1 Be7 12. Nbd2 d4 13. Ne4 d3 14. Bb1 Nxe4 15.
Rxe4 Bf5 16. Rf4 Bg6 17. e6 O-O 18. exf7+ Rxf7 19. Nd4 Nxd4 20. Rxd4 Qf8 21.
Bxd3 Bxd3 22. Rxd3 Rxf2 23. Rf3 Bc5 24. Rxf8+ Raxf8 25. Qd5+ Kh8 26. h3 R2f5+
27. Qxc5 Rxc5 28. Be3 Rd5 29. a4 c5 30. axb5 axb5 31. b4 c4 32. Bd4 Rfd8 33.
Ra7 R5d7 34. Ra6 Rb7 35. Rc6 Kg8 36. Kf2 Re8 37. g4 Kf7 38. h4 Re6 39. Rc5 g6
40. h5 Ke8 41. Rd5 gxh5 42. Rxh5 Ra6 43. Kf3 Re6 44. Kf2 1/2-1/2

[Event "Pere Noel"]
[Site "Montreal CAN"]
[Date "2010.12.30"]
[Round "5"]
[White "Bouchard, Jean-Marc"]
[Black "Galbadrakh, Enkh-Amar"]
[Result "0-1"]
[WhiteElo "1872"]
[BlackElo "2197"]
[PlyCount "64"]
[EventDate "2010.12.26"]
[EventType "swiss"]
[EventRounds "5"]
[EventCountry "CAN"]

1. e4 c6 2. d4 d5 3. e5 Bf5 4. c3 e6 5. Be3 Ne7 6. Nd2 Nd7 7. f4 h6 8. Ngf3 Nc8
9. Be2 c5 10. dxc5 Bxc5 11. Nd4 Bh7 12. O-O Ne7 13. N2b3 Bb6 14. a4 a6 15. a5
Ba7 16. Bd3 Bxd3 17. Qxd3 Nc5 18. Nxc5 Bxc5 19. b4 Bxd4 20. Bxd4 Qd7 21. Bc5 g6
22. Rad1 Qb5 23. Qh3 Rc8 24. Bxe7 Kxe7 25. g4 Qe2 26. Qh4+ g5 27. Qg3 Rc4 28.
Rd4 Rhc8 29. fxg5 hxg5 30. Rxc4 Rxc4 31. Rf2 Qd1+ 32. Rf1 Qxg4 0-1

[Event "Pere Noel"]
[Site "Montreal CAN"]
[Date "2010.12.30"]
[Round "5"]
[White "Forget, Luc"]
[Black "Ramaswamy, Kiran"]
[Result "1-0"]
[WhiteElo "1998"]
[BlackElo "1899"]
[PlyCount "41"]
[EventDate "2010.12.26"]
[EventType "swiss"]
[EventRounds "5"]
[EventCountry "CAN"]

1. d4 Nf6 2. c4 c5 3. d5 e5 4. Nc3 d6 5. e4 Be7 6. Bd3 O-O 7. Nge2 Ne8 8. Ng3
g6 9. Bh6 Ng7 10. O-O Nd7 11. h3 Rb8 12. Qe2 a6 13. a4 b6 14. Ra3 Kh8 15. Bb1
Nf6 16. f4 Nd7 17. f5 g5 18. Nd1 Nf6 19. Bxg5 Nxe4 20. Bxe7 Nxg3 21. Rxg3 1-0

[Event "Pere Noel"]
[Site "Montreal CAN"]
[Date "2010.12.30"]
[Round "5"]
[White "Gagnon, Serge"]
[Black "Bolduc, Steve"]
[Result "0-1"]
[WhiteElo "2034"]
[BlackElo "2288"]
[PlyCount "138"]
[EventDate "2010.12.26"]
[EventType "swiss"]
[EventRounds "5"]
[EventCountry "CAN"]

1. d4 Nf6 2. c4 c5 3. d5 e5 4. Nc3 d6 5. e4 Be7 6. g3 O-O 7. Bh3 b5 8. Bxc8
Qxc8 9. cxb5 a6 10. bxa6 Nxa6 11. Kf1 c4 12. Be3 Ng4 13. Kg2 Nxe3+ 14. fxe3 Qc5
15. Qe2 Bg5 16. Nd1 Nb4 17. Nf3 Bh6 18. g4 f6 19. h4 g6 20. g5 Bg7 21. gxf6
Bxf6 22. Nd2 Nxa2 23. Qxc4 Qa7 24. Qe2 Qd7 25. Nc4 Ra6 26. Na3 Nb4 27. Nc3 Nd3
28. Rh3 Bxh4 29. Rxh4 Rf2+ 30. Qxf2 Nxf2 31. Kxf2 Qb7 32. Nd1 Ra8 33. Rh2 Rf8+
34. Kg1 Qa6 35. Nc3 Qc8 36. Rf1 Qg4+ 37. Rg2 Rxf1+ 38. Kxf1 Qf3+ 39. Rf2 Qxe3
40. Nab5 Qc1+ 41. Kg2 Qg5+ 42. Kf3 Qh5+ 43. Ke3 Qg5+ 44. Kd3 Qg3+ 45. Ke2 Qg4+
46. Kd2 Qg3 47. Re2 h5 48. Nxd6 h4 49. Nd1 h3 50. Nf2 h2 51. Nh1 Qg1 52. Nf2
Qxf2 53. Rxf2 h1=Q 54. Ke3 Qc1+ 55. Kf3 Qc5 56. Nb7 Qc7 57. d6 Qxb7 58. Rd2 Qd7
59. b4 Kf8 60. b5 Ke8 61. Rd5 Qh3+ 62. Kf2 Qh4+ 63. Ke3 Qf4+ 64. Kd3 Qf3+ 65.
Kd2 Qxe4 66. d7+ Kd8 67. Rd3 Qb4+ 68. Ke2 Qxb5 69. Ke3 Qxd3+ 0-1

[Event "Pere Noel"]
[Site "Montreal CAN"]
[Date "2010.12.30"]
[Round "5"]
[White "Malveau, Cedric"]
[Black "Larochelle, Martial"]
[Result "1/2-1/2"]
[WhiteElo "1970"]
[BlackElo "2206"]
[PlyCount "68"]
[EventDate "2010.12.26"]
[EventType "swiss"]
[EventRounds "5"]
[EventCountry "CAN"]

1. e4 c5 2. Nc3 d6 3. g3 Nc6 4. Bg2 g6 5. d3 Bg7 6. Be3 Nf6 7. h3 e5 8. Nge2
O-O 9. O-O b5 10. Nxb5 Rb8 11. a4 a6 12. Na3 Rxb2 13. Nc4 Rb8 14. f4 exf4 15.
Bxf4 Ne8 16. c3 Be6 17. Nd2 Qd7 18. Kh2 Nf6 19. d4 cxd4 20. cxd4 Nb4 21. d5
Nfxd5 22. exd5 Nxd5 23. Ne4 Nxf4 24. Rxf4 Qe7 25. Rb1 Rxb1 26. Qxb1 Bf5 27. Qb4
Be5 28. Rf1 Rc8 29. Nf4 Rc2 30. Nd5 Qe6 31. Nf2 Bxh3 32. Nf4 Bxf4 33. Qxf4 Bxg2
34. Kxg2 Rc4 1/2-1/2

[Event "Pere Noel"]
[Site "Montreal CAN"]
[Date "2010.12.30"]
[Round "5"]
[White "Masse, Hugues"]
[Black "Zhang, Zhiyuan"]
[Result "1/2-1/2"]
[WhiteElo "2181"]
[BlackElo "1951"]
[PlyCount "187"]
[EventDate "2010.12.26"]
[EventType "swiss"]
[EventRounds "5"]
[EventCountry "CAN"]

1. d4 d5 2. c4 c6 3. Nf3 Nf6 4. Nc3 dxc4 5. a4 Bf5 6. Ne5 e6 7. f3 c5 8. e4
cxd4 9. exf5 Bb4 10. Kf2 Bc5 11. Nb5 a6 12. Bxc4 axb5 13. Bxb5+ Nbd7 14. fxe6
fxe6 15. Qb3 Qb6 16. Re1 Ke7 17. a5 Qd6 18. Nxd7 Nxd7 19. Bf4 d3+ 20. Kf1 Qxf4
21. Qxe6+ Kf8 22. Qxd7 Qf7 23. Qxd3 Be7 24. a6 bxa6 25. Rxa6 Rxa6 26. Bxa6 Qf6
27. b3 g6 28. Bc4 Qd6 29. Qe4 h6 30. Kg1 Qc5+ 31. Kh1 Qd6 32. Qc2 Qf6 33. Qb1
Bd6 34. Qe4 h5 35. Qc6 Kg7 36. Rd1 Rd8 37. Qe4 Bc5 38. Qe2 Rxd1+ 39. Qxd1 Bd6
40. g3 h4 41. Kg2 hxg3 42. hxg3 g5 43. Qd5 Kf8 44. Qe6 Qxe6 45. Bxe6 Ke7 46.
Bc4 Kf6 47. Kh3 Bc5 48. Kg4 Bd6 49. f4 gxf4 50. gxf4 Bb4 51. Kf3 Kf5 52. Bd3+
Ke6 53. Ke4 Bc3 54. Ba6 Kd6 55. Kd3 Bf6 56. Kc4 Kc6 57. b4 Bd8 58. Bc8 Bc7 59.
f5 Bd8 60. Be6 Bf6 61. Bd5+ Kb6 62. Bf7 Kc6 63. Be8+ Kd6 64. Bf7 Kc6 65. Kb3
Be7 66. Ka4 Bd8 67. Bg6 Kb6 68. Be8 Bf6 69. Kb3 Kc7 70. Kc4 Kd6 71. Kb5 Bc3 72.
Bf7 Ke5 73. Be6 Kd6 74. Kc4 Bf6 75. Kd3 Kc6 76. Kc4 Kd6 77. Bf7 Ke5 78. Bg6 Kd6
79. Bh5 Ke5 80. Bg4 Kd6 81. Be2 Ke5 82. Bd3 Kd6 83. Bc2 Kc6 84. Ba4+ Kd6 85.
Bd1 Ke5 86. Bc2 Kd6 87. Kd3 Kc6 88. Ba4+ Kd6 89. Ke4 Bc3 90. b5 Kc5 91. Kf4 Bf6
92. Kg4 Bd8 93. Kh5 Kb4 94. Kg6 1/2-1/2

[Event "Pere Noel"]
[Site "Montreal CAN"]
[Date "2010.12.30"]
[Round "5"]
[White "Ramaswamy, Kishor"]
[Black "Castellanos, Renier"]
[Result "1/2-1/2"]
[WhiteElo "2177"]
[BlackElo "2482"]
[PlyCount "31"]
[EventDate "2010.12.26"]
[EventType "swiss"]
[EventRounds "5"]
[EventCountry "CAN"]

1. d4 Nf6 2. Nf3 g6 3. Bg5 Bg7 4. Nbd2 d6 5. c3 O-O 6. e4 Qe8 7. Be2 e5 8. dxe5
dxe5 9. O-O Nbd7 10. Qc2 h6 11. Bh4 Nh5 12. Rfe1 Nf4 13. Bf1 Nb6 14. a4 a5 15.
Nc4 Nxc4 16. Bxc4 1/2-1/2

[Event "Pere Noel"]
[Site "Montreal CAN"]
[Date "2010.12.30"]
[Round "5"]
[White "Rousseau, Daniel"]
[Black "Zhu, Hong Rui"]
[Result "0-1"]
[WhiteElo "2163"]
[BlackElo "1924"]
[PlyCount "86"]
[EventDate "2010.12.26"]
[EventType "swiss"]
[EventRounds "5"]
[EventCountry "CAN"]

1. e4 c5 2. Nf3 d6 3. d4 cxd4 4. Nxd4 Nf6 5. Nc3 g6 6. Be2 Bg7 7. O-O Nc6 8.
Nb3 O-O 9. Bg5 Be6 10. Kh1 Na5 11. e5 Nxb3 12. exf6 exf6 13. Bxf6 Qxf6 14. axb3
Rfd8 15. Bf3 d5 16. Qe2 a6 17. Rfd1 d4 18. Ne4 Qe7 19. Nd2 d3 20. cxd3 Bxb2 21.
Rab1 Bd4 22. Nc4 Rac8 23. Na5 Rc7 24. b4 Bd5 25. Qxe7 Rxe7 26. Bxd5 Rxd5 27.
Kg1 Rde5 28. Nb3 Bc3 29. d4 Re2 30. d5 Bxb4 31. g3 R2e5 32. Rd4 a5 33. Kg2 Rd7
34. Rbd1 f5 35. Kf3 Kf7 36. h4 h6 37. g4 Kf6 38. gxf5 Rxf5+ 39. Ke3 Re7+ 40.
Kd3 Rf3+ 41. Kc2 Rxf2+ 42. Kd3 Rf3+ 43. Kc2 Rc7+ 0-1

[Event "Pere Noel"]
[Site "Montreal CAN"]
[Date "2010.12.30"]
[Round "5"]
[White "Sambuev, Bator"]
[Black "Leutschaft, Martin"]
[Result "1-0"]
[WhiteElo "2555"]
[BlackElo "2127"]
[PlyCount "65"]
[EventDate "2010.12.26"]
[EventType "swiss"]
[EventRounds "5"]
[EventCountry "CAN"]

1. d4 Nf6 2. c4 c5 3. d5 b5 4. cxb5 a6 5. bxa6 g6 6. Nc3 Bxa6 7. e4 Bxf1 8.
Kxf1 d6 9. Nf3 Bg7 10. g3 O-O 11. Kg2 Nbd7 12. Re1 Qc7 13. Re2 Rfb8 14. Bg5 h6
15. Bxf6 Bxf6 16. Rc1 Rb4 17. Rcc2 Qb7 18. Qc1 Kg7 19. b3 Qa6 20. Nd1 Qa3 21.
Qxa3 Rxa3 22. Nd2 Nb6 23. Ne3 Rd4 24. Nec4 Nxc4 25. Nxc4 Ra6 26. f4 Kf8 27. e5
Bg7 28. Rcd2 Rxd2 29. Rxd2 Ke8 30. exd6 exd6 31. Re2+ Kd7 32. Kf3 Ra8 33. Nb6+
1-0

[Event "Pere Noel"]
[Site "Montreal CAN"]
[Date "2010.12.30"]
[Round "5"]
[White "Voskanyan, Vahagn"]
[Black "Robichaud, Louis"]
[Result "1-0"]
[WhiteElo "2290"]
[BlackElo "2082"]
[PlyCount "135"]
[EventDate "2010.12.26"]
[EventType "swiss"]
[EventRounds "5"]
[EventCountry "CAN"]

1. c4 Nf6 2. d4 g6 3. g3 Bg7 4. Bg2 O-O 5. Nc3 d6 6. Nf3 Nbd7 7. O-O e5 8. h3
exd4 9. Nxd4 Re8 10. Be3 Ne5 11. b3 a5 12. Qd2 a4 13. Bg5 axb3 14. axb3 Rxa1
15. Rxa1 Ned7 16. Ra7 c6 17. Ra8 Nb6 18. Ra2 Qe7 19. Ra1 Qe5 20. Rd1 Nfd7 21.
Bf4 Qe7 22. Ne4 Ne5 23. Qa5 d5 24. Nc5 Nbxc4 25. bxc4 Nxc4 26. Qa7 Nb2 27. Rd2
g5 28. Be3 Nc4 29. Rd3 f5 30. Bf1 Nb2 31. Rb3 f4 32. Nf5 Bxf5 33. Rxb7 Qf8 34.
Rxg7+ Qxg7 35. Qxg7+ Kxg7 36. Bd4+ Kf7 37. Bxb2 Rb8 38. Be5 Rb1 39. g4 f3 40.
exf3 Rc1 41. gxf5 Rxc5 42. f4 gxf4 43. Be2 d4 44. Bxd4 Rxf5 45. Kg2 Ra5 46. Kf3
c5 47. Be5 Ke6 48. Bxf4 Kd5 49. Bd3 Ra3 50. Ke2 Ra2+ 51. Ke1 h5 52. Bg6 Ra1+
53. Ke2 Ra2+ 54. Bd2 Kd4 55. Bxh5 c4 56. Kd1 Ra3 57. Kc2 Ra2+ 58. Kc1 Ra3 59.
Bg4 Ra8 60. h4 Rf8 61. f3 Kd3 62. Bh6 Ra8 63. Bf5+ Kd4 64. Bg7+ Ke3 65. Be4 Rg8
66. Bf6 Rg2 67. h5 Rh2 68. h6 1-0

[Event "Pere Noel"]
[Site "Montreal CAN"]
[Date "2010.12.30"]
[Round "5"]
[White "Yun, Chang"]
[Black "Pretell Diaz, Carol"]
[Result "1-0"]
[WhiteElo "1776"]
[BlackElo "1808"]
[PlyCount "41"]
[EventDate "2010.12.26"]
[EventType "swiss"]
[EventRounds "5"]
[EventCountry "CAN"]

1. e4 c6 2. d4 d5 3. Nc3 dxe4 4. Nxe4 Bf5 5. Ng3 Bg6 6. h4 h5 7. Be2 Nf6 8. Bg5
Ne4 9. Nxe4 Bxe4 10. Bf3 Qd5 11. Qe2 Bxf3 12. Nxf3 e6 13. c4 Bb4+ 14. Bd2 Bxd2+
15. Nxd2 Qxd4 16. O-O-O Nd7 17. Ne4 Qb6 18. Nd6+ Ke7 19. Nxf7 Raf8 20. Rhe1
Rxf7 21. Qxe6+ 1-0

[Event "Pere Noel U1500"]
[Site "Montreal CAN"]
[Date "2010.12.27"]
[Round "2"]
[White "Yu, Zong Yang"]
[Black "Eddouri, Hmida"]
[Result "1-0"]
[WhiteElo "1272"]
[BlackElo "1420"]
[PlyCount "127"]
[EventDate "2010.12.26"]
[EventType "swiss"]
[EventRounds "5"]
[EventCountry "CAN"]

1. Nf3 Nf6 2. c4 g6 3. Nc3 Bg7 4. g3 O-O 5. Bg2 c6 6. O-O d5 7. cxd5 cxd5 8. d4
Nc6 9. Bg5 e6 10. Rc1 h6 11. Bf4 a6 12. Ne5 Qb6 13. Nxc6 bxc6 14. Qd2 g5 15.
Bd6 Re8 16. e3 Bb7 17. Ba3 Nd7 18. Na4 Qd8 19. Nc5 Nxc5 20. Bxc5 Bf8 21. Bxf8
Rxf8 22. Rc5 a5 23. a4 Qb6 24. Rfc1 Qb4 25. Qxb4 axb4 26. b3 f5 27. f4 gxf4 28.
gxf4 Kf7 29. Bf1 Rg8+ 30. Kf2 h5 31. Ra1 h4 32. a5 Ra7 33. a6 Ke7 34. Ra4 Bc8
35. Rxb4 Bxa6 36. Ra4 Rb7 37. Rxa6 Rxb3 38. Raxc6 Ra8 39. Rc3 Rb2+ 40. Rc2 Rb3
41. R6c3 Rb1 42. Rc1 Rb2+ 43. Be2 Raa2 44. Re1 Kd6 45. Kf3 Ra8 46. Rcc1 h3 47.
Rg1 Raa2 48. Rce1 Ra3 49. Rg3 Rb4 50. Kf2 Rc3 51. Rd1 Rc2 52. Rxh3 Rbb2 53. Re1
Ra2 54. Rg3 Rcb2 55. h4 Ra8 56. h5 Rh8 57. Rh1 Ke7 58. h6 Rh7 59. Rg7+ Rxg7 60.
hxg7 Kf7 61. Rg1 Kg8 62. Rg6 Rb6 63. Kf3 Rd6 64. Bb5 1-0

[Event "Quebec op Open"]
[Site "Montreal CAN"]
[Date "2010.07.24"]
[Round "1"]
[White "Beaulieu, Pierre"]
[Black "Voskanyan, Vahagn"]
[Result "0-1"]
[WhiteElo "1985"]
[BlackElo "2302"]
[PlyCount "59"]
[EventDate "2010.07.24"]
[EventType "swiss"]
[EventRounds "9"]
[EventCountry "CAN"]

1. e4 d5 2. exd5 Nf6 3. Nc3 Nxd5 4. Nxd5 Qxd5 5. Qf3 Qc5 6. c3 e5 7. b4 Qc6 8.
Qg3 Qf6 9. Nf3 Bd6 10. Ng5 Bf5 11. Qe3 O-O 12. Ne4 Qg6 13. Ng3 Be6 14. Qe4 f5
15. Qxb7 Nd7 16. Bd3 Nf6 17. Qc6 Kh8 18. Rg1 e4 19. Bc4 Bd7 20. Qa6 Ng4 21. Be2
Nxh2 22. Nf1 Nf3+ 23. Bxf3 exf3 24. g3 f4 25. Kd1 Rfe8 26. d4 Re2 27. Bd2 Rxf2
28. a4 fxg3 29. Qb7 Re8 30. Rc1 0-1

[Event "Quebec op Open"]
[Site "Montreal CAN"]
[Date "2010.07.24"]
[Round "1"]
[White "Charbonneau, Anne-Marie"]
[Black "Nicula, Marius"]
[Result "0-1"]
[WhiteElo "1978"]
[BlackElo "2183"]
[PlyCount "74"]
[EventDate "2010.07.24"]
[EventType "swiss"]
[EventRounds "9"]
[EventCountry "CAN"]

1. d4 e6 2. c4 f5 3. g3 Nf6 4. Bg2 d5 5. Nf3 c6 6. O-O Bd6 7. b3 O-O 8. Bb2 b6
9. Nc3 Bb7 10. Qc2 Na6 11. Rad1 Rc8 12. Qb1 Qe8 13. Ne5 Qh5 14. f4 Bxe5 15.
dxe5 Ng4 16. h3 Ne3 17. Ba3 Rfd8 18. Bd6 Nxg2 19. Kxg2 d4 20. Na4 c5+ 21. Rf3
Nb4 22. Nb2 Be4 23. Nd3 h6 24. Qb2 Nxd3 25. Rdxd3 g5 26. g4 fxg4 27. hxg4 Qxg4+
28. Kf2 Qh4+ 29. Kf1 g4 30. Rg3 Bxd3 31. Rxd3 g3 32. Kg2 Qh2+ 33. Kf3 Qf2+ 34.
Kg4 g2 35. Rg3 Qxg3+ 36. Kxg3 g1=Q+ 37. Kh3 Rd7 0-1

[Event "Quebec op Open"]
[Site "Montreal CAN"]
[Date "2010.07.24"]
[Round "1"]
[White "Giroux, Robert"]
[Black "Keane-McCarney, Eamon"]
[Result "1-0"]
[WhiteElo "2062"]
[BlackElo "1608"]
[PlyCount "121"]
[EventDate "2010.07.24"]
[EventType "swiss"]
[EventRounds "9"]
[EventCountry "CAN"]

1. d4 Nf6 2. Nf3 c5 3. d5 e6 4. Nc3 exd5 5. Nxd5 Nc6 6. Bf4 d6 7. Bg5 Be7 8.
Nxe7 Qxe7 9. e3 O-O 10. Be2 Bf5 11. Bd3 Bg4 12. h3 Bh5 13. g4 Bg6 14. Bxg6 fxg6
15. Qd3 Rad8 16. c3 Rd7 17. Bxf6 Qxf6 18. Qd5+ Kh8 19. Ke2 Rdf7 20. Ng5 Qxf2+
21. Kd1 Rf6 22. Ne4 Qf3+ 23. Kc2 Qg2+ 24. Kb3 Rf2 25. Rhg1 Rxb2+ 26. Ka3 Qc2
27. Rgc1 Rxa2+ 28. Qxa2 Qxe4 29. Rf1 Rg8 30. Rae1 Qd3 31. Kb2 Qd2+ 32. Ka1
Qxc3+ 33. Qb2 Qa5+ 34. Kb1 Nb4 35. Rd1 d5 36. Rf7 Qa6 37. Rdf1 Qd3+ 38. Ka1
Nc2+ 39. Ka2 Qa6+ 40. Kb1 Nxe3 41. R1f3 Qd3+ 42. Ka2 Qa6+ 43. Kb1 Qd3+ 44. Ka2
d4 45. Rxb7 Qa6+ 46. Kb1 Nd1 47. Qb3 Nc3+ 48. Kc1 c4 49. Qb2 Qe6 50. Qf2 Qd6
51. Qb2 Qc6 52. Rbf7 Qc5 53. h4 Re8 54. Rf1 Kg8 55. Qf2 Qa3+ 56. Qb2 Ne2+ 57.
Kb1 Qd3+ 58. Ka1 c3 59. Qa2 h6 60. Rf8+ Kh7 61. Qg8# 1-0

[Event "Quebec op Open"]
[Site "Montreal CAN"]
[Date "2010.07.24"]
[Round "1"]
[White "Larochelle, Martial"]
[Black "Vallieres, Mario"]
[Result "1-0"]
[WhiteElo "2208"]
[BlackElo "1992"]
[PlyCount "69"]
[EventDate "2010.07.24"]
[EventType "swiss"]
[EventRounds "9"]
[EventCountry "CAN"]

1. d4 e6 2. Nf3 f5 3. g3 Nf6 4. Bg2 Be7 5. O-O O-O 6. c4 d6 7. Nc3 a5 8. b3 Na6
9. Bb2 c6 10. a3 Bd7 11. Qd3 Nc7 12. e4 fxe4 13. Nxe4 Nxe4 14. Qxe4 Bf6 15.
Rfe1 Rb8 16. Bc3 b6 17. Rad1 Re8 18. Bd2 d5 19. Qd3 Qe7 20. Bf4 Rb7 21. Bc1 Rc8
22. Ne5 Be8 23. Qf3 Bxe5 24. Rxe5 Bg6 25. Qe2 Rf8 26. Re1 Qf7 27. cxd5 cxd5 28.
a4 Qd7 29. Bh3 Be4 30. Bf4 b5 31. f3 Bf5 32. Bxf5 Rxf5 33. Rxf5 exf5 34. Qe7
Qc6 35. Qd8+ 1-0

[Event "Quebec op Open"]
[Site "Montreal CAN"]
[Date "2010.07.24"]
[Round "1"]
[White "Laurain, Guy"]
[Black "Auger, Bertrand"]
[Result "1-0"]
[WhiteElo "2148"]
[BlackElo "1950"]
[PlyCount "93"]
[EventDate "2010.07.24"]
[EventType "swiss"]
[EventRounds "9"]
[EventCountry "CAN"]

1. e4 e6 2. d4 d5 3. Nc3 dxe4 4. Nxe4 Bd7 5. Nf3 Bc6 6. Bd3 Nd7 7. O-O Ngf6 8.
Qe2 Bxe4 9. Bxe4 Nxe4 10. Qxe4 c6 11. c4 Nf6 12. Qe2 Be7 13. b3 O-O 14. Bb2 Re8
15. Rfd1 Qa5 16. Qe5 Qxe5 17. dxe5 Ne4 18. Nd4 Rad8 19. Kf1 Rd7 20. f3 Nc5 21.
Ke2 Red8 22. Ke3 Na6 23. Ke2 Nc5 24. g3 a5 25. Bc3 a4 26. b4 Na6 27. a3 c5 28.
Nc2 b5 29. Rxd7 Rxd7 30. cxb5 Nc7 31. bxc5 Bxc5 32. Rb1 Nd5 33. Bd2 Rb7 34. Kd3
Kf8 35. Ba5 Ke8 36. Kc4 Be7 37. b6 Kd7 38. Kb5 Rxb6+ 39. Bxb6 Nc3+ 40. Ka5 Nxb1
41. Kxa4 Kc6 42. Be3 Nc3+ 43. Kb3 Nd1 44. Bd4 Kd5 45. a4 h5 46. a5 Bc5 47. a6
1-0

[Event "Quebec op Open"]
[Site "Montreal CAN"]
[Date "2010.07.24"]
[Round "1"]
[White "Le Duin, Thierry"]
[Black "MacKinnon, Keith"]
[Result "0-1"]
[WhiteElo "2002"]
[BlackElo "2280"]
[PlyCount "118"]
[EventDate "2010.07.24"]
[EventType "swiss"]
[EventRounds "9"]
[EventCountry "CAN"]

1. d4 Nf6 2. Nf3 e6 3. Bg5 h6 4. Bh4 b6 5. e3 Bb7 6. Nbd2 c5 7. c3 Be7 8. Bd3
g5 9. Bg3 g4 10. Ne5 Rg8 11. Rg1 Nc6 12. Qe2 d6 13. Nxc6 Bxc6 14. Bb5 Bxb5 15.
Qxb5+ Qd7 16. Qxd7+ Kxd7 17. Bh4 Rg6 18. Ke2 Nd5 19. Bxe7 Kxe7 20. Rac1 f5 21.
g3 h5 22. Rh1 Rc8 23. h4 Nf6 24. Kd3 Rgg8 25. Rc2 Rc7 26. Rhc1 e5 27. a3 Ke6
28. b4 Rgc8 29. b5 Rf7 30. Re1 Rcf8 31. Re2 Ne4 32. dxe5 d5 33. c4 Rd8 34.
cxd5+ Rxd5+ 35. Kc4 Rfd7 36. Nxe4 fxe4 37. Kb3 Rd1 38. Kb2 Kxe5 39. Rc1 Rxc1
40. Kxc1 Rd3 41. Ra2 Kd5 42. a4 Kc4 43. a5 Kxb5 44. axb6 axb6 45. Ra8 Kb4 46.
Re8 b5 47. Rxe4+ c4 48. Re5 Ka4 49. Rxh5 b4 50. Rc5 c3 51. Rc4 Ka3 52. Rc8 Rd2
53. h5 Rxf2 54. h6 Kb3 55. Kd1 Rh2 56. Rc6 c2+ 57. Kc1 Rh1+ 58. Kd2 Rd1+ 59.
Ke2 c1=Q 0-1

[Event "Quebec op Open"]
[Site "Montreal CAN"]
[Date "2010.07.24"]
[Round "1"]
[White "Leutschaft, Martin"]
[Black "Carrier, Claude"]
[Result "1-0"]
[WhiteElo "2133"]
[BlackElo "1939"]
[PlyCount "131"]
[EventDate "2010.07.24"]
[EventType "swiss"]
[EventRounds "9"]
[EventCountry "CAN"]

1. e4 c5 2. Nf3 e6 3. d4 cxd4 4. Nxd4 Nf6 5. Bd3 d6 6. Nc3 a6 7. Bg5 h6 8. Be3
b5 9. a3 Bb7 10. Qe2 Nbd7 11. f4 Nc5 12. O-O Ncxe4 13. Nxe4 Bxe4 14. Bxe4 Nxe4
15. f5 e5 16. Ne6 fxe6 17. Qh5+ Kd7 18. fxe6+ Kc8 19. Rf7 Be7 20. a4 Bg5 21.
Qf3 Bxe3+ 22. Qxe3 Ng5 23. Rd7 Qxd7 24. exd7+ Kxd7 25. axb5 axb5 26. Ra7+ Ke6
27. h4 Rxa7 28. Qxa7 Nf7 29. Qb7 Rd8 30. Qxb5 d5 31. Qd3 e4 32. Qd4 Ne5 33.
Qb6+ Rd6 34. Qb8 d4 35. Kf1 d3 36. cxd3 exd3 37. Ke1 d2+ 38. Kd1 Ke7 39. Qg8 g6
40. Qg7+ Nf7 41. b4 g5 42. h5 Ke6 43. b5 Ke7 44. Qc3 Kd7 45. Qc5 Nd8 46. Qa7+
Ke6 47. Qg7 Kd5 48. Kxd2 Kc4+ 49. Ke3 Kxb5 50. Qc7 Re6+ 51. Kd3 Nc6 52. Qd7 Re7
53. Qd5+ Kb6 54. Kc3 Re3+ 55. Kd2 Re7 56. Qd6 Rh7 57. Ke3 Re7+ 58. Kf3 Rh7 59.
Qg6 Rh8 60. Qg7 Re8 61. Qxh6 Re5 62. Qf6 Kc5 63. Qf8+ Kd5 64. h6 Nd4+ 65. Kf2
Ne6 66. Qa8+ 1-0